| 000 | 00654nam a2200169 a 4500 | ||
|---|---|---|---|
| 008 | 080331s1999 ||||||||||||||||| || u | ||
| 050 | _aIBRD(08)DP | ||
| 100 | _aNanivska, Vira | ||
| 245 | 1 | 0 |
_aEconomic growth with equity: Ukrainian perspective _cedited by Hansen, John: |
| 260 |
_aWashington, D. C. _bWorld Bank _c1999 |
||
| 350 | _a0.00 | ||
| 490 | _aWorld Bank Discussion Papers | ||
| 650 | _aUKRAINE--ECONOMIC CONDITIONS | ||
| 650 | _aUKRAINE--ECONOMIC POLICY | ||
| 710 | _aWorld Bank | ||
| 995 |
_D0.00 _FCBU-MAIN LIBRARY (Kitwe) _H1 _I0.00 _M1 _UAVAILABLE _WMar 31, 2008 _ZInternational Publications |
||
| 999 |
_c40844 _d40844 |
||